[Event "POL-chT Academic"]
[Site "Chorzow"]
[Date "2022.04.02"]
[Round "5.9"]
[White "Karwowski, Kacper"]
[Black "Kwiatkowski, Wiktor"]
[Result "1-0"]
[WhiteElo "2096"]
[BlackElo "1993"]
[PlyCount "29"]
[EventDate "2022.04.02"]
[EventType "team-swiss (rapid)"]
[EventRounds "9"]
[EventCountry "POL"]
[SourceTitle "EXT 2024"]
[Source "ChessBase"]
[SourceDate "2023.10.10"]
[SourceVersion "1"]
[SourceVersionDate "2023.10.10"]
[SourceQuality "1"]

1. e4 c5 2. Nf3 d6 3. c3 Nf6 4. h3 g6 5. Bd3 Bg7 6. Bc2 0-0 7. 0-0 Nc6 8. d4 cxd4 9. cxd4 Bd7 10. Nc3 Rc8 11. Re1 Nb4 12. Bb3 Qa5 13. e5 Nfd5 14. Nxd5 Nxd5 15. Bd2 1-0

[Event "POL-chT Academic"]
[Site "Chorzow"]
[Date "2022.04.02"]
[Round "2.9"]
[White "Kwiatkowski, Wiktor"]
[Black "Sloniewski, Michal"]
[Result "0-1"]
[WhiteElo "1993"]
[BlackElo "1635"]
[PlyCount "46"]
[EventDate "2022.04.02"]
[EventType "team-swiss (rapid)"]
[EventRounds "9"]
[EventCountry "POL"]
[SourceTitle "EXT 2024"]
[Source "ChessBase"]
[SourceDate "2023.10.10"]
[SourceVersion "1"]
[SourceVersionDate "2023.10.10"]
[SourceQuality "1"]

1. e4 d5 2. exd5 Nf6 3. d4 Nxd5 4. c4 Nb6 5. Nc3 e5 6. d5 c6 7. a3 Bc5 8. Nf3 0-0 9. b4 Bd4 10. Nxd4 exd4 11. Qxd4 Be6 12. d6 Re8 13. Be3 c5 14. bxc5 Nc6 15. Qf4 Na4 16. Ne4 f5 17. Nd2 Qf6 18. Rb1 Bd7 19. h4 Nd4 20. Be2 Nxe2 21. Kxe2 Nc3+ 22. Kf3 Bc6+ 23. Kg3 Ne2+ 0-1

[Event "POL-chT 1st League"]
[Site "Szklarska Poreba"]
[Date "2021.09.08"]
[Round "5.9"]
[White "Kwiatkowski, Wiktor"]
[Black "Bielczyk, Jacek"]
[Result "1/2-1/2"]
[WhiteElo "2077"]
[BlackElo "2264"]
[PlyCount "77"]
[EventDate "2021.09.04"]
[EventType "team-swiss"]
[EventRounds "9"]
[EventCountry "POL"]
[SourceTitle "CBM 204 Extra"]
[Source "ChessBase"]
[SourceDate "2021.11.30"]
[SourceVersion "1"]
[SourceVersionDate "2021.11.30"]
[SourceQuality "1"]
[WhiteTeam "Konin UKS Smecz"]
[BlackTeam "Chrzanow Olimpijczyk"]
[WhiteTeamCountry "POL"]
[BlackTeamCountry "POL"]

1. e4 c5 2. Nf3 Nc6 3. Bb5 g6 4. Bxc6 dxc6 5. 0-0 Bg7 6. d3 e5 7. a4 Qe7 8. a5 Nf6 9. Nbd2 0-0 10. Nc4 Ne8 11. Be3 Nc7 12. Re1 Rd8 13. h3 f6 14. Qe2 Ne6 15. c3 Bd7 16. Rad1 Be8 17. d4 cxd4 18. cxd4 exd4 19. Nxd4 Bf7 20. Nc2 c5 21. f4 Nd4 22. Nxd4 cxd4 23. Rxd4 Rxd4 24. Bxd4 Qc7 25. b3 Qxf4 26. Rf1 Qg5 27. Nd6 Bxb3 28. Qb2 Be6 29. Qxb7 Rf8 30. Kh2 Qxa5 31. Qe7 Bb3 32. Rf3 Qd8 33. Qxd8 Rxd8 34. Rxb3 Rxd6 35. Rb8+ Kf7 36. Rb7+ Kg8 37. Rb8+ Kf7 38. Rb7+ Kg8 39. Rb8+ 1/2-1/2

[Event "POL-chT 2nd League"]
[Site "Jastrzebia Gora"]
[Date "2019.09.15"]
[Round "9.17"]
[White "Walaszczyk, Witold"]
[Black "Kwiatkowski, Wiktor"]
[Result "0-1"]
[WhiteElo "2075"]
[BlackElo "2011"]
[PlyCount "88"]
[EventDate "2019.09.07"]
[EventType "team-swiss"]
[EventRounds "9"]
[EventCountry "POL"]
[SourceTitle "EXT 2020"]
[Source "ChessBase"]
[SourceDate "2019.10.17"]
[SourceVersion "1"]
[SourceVersionDate "2019.10.17"]
[SourceQuality "1"]
[WhiteTeam "Konin Hetman"]
[BlackTeam "Konin UKS Smecz"]
[WhiteTeamCountry "POL"]
[BlackTeamCountry "POL"]

1. d4 Nf6 2. g3 g6 3. Bg2 Bg7 4. Nf3 0-0 5. 0-0 d6 6. c4 Nbd7 7. Nc3 c5 8. h3 a6 9. Be3 cxd4 10. Nxd4 Ne5 11. b3 Bd7 12. Rc1 Nc6 13. Qd2 Rc8 14. Nd5 Nxd5 15. Nxc6 bxc6 16. cxd5 c5 17. b4 cxb4 18. Qxb4 Rb8 19. Qc4 Bb5 20. Qc2 Qa5 21. Bd2 Qa3 22. Bg5 Rfe8 23. Bf3 h6 24. Be3 Bd7 25. Kg2 Rb2 26. Qe4 Bf5 27. Qh4 Rb4 28. g4 g5 29. Bxg5 hxg5 30. Qxg5 Be4 31. Rc7 Qxa2 32. Rfc1 Qxe2 33. R1c3 Rb2 34. Qh4 Bxc3 35. Rxc3 Bxf3+ 36. Rxf3 Qe4 37. Qg5+ Qg6 38. Qe3 e6 39. g5 Rb4 40. Qc3 a5 41. Qc6 Reb8 42. Qxd6 exd5 43. Qg3 Qe4 44. Qc7 R4b7 0-1

[Event "POL-chT 2nd League"]
[Site "Jastrzebia Gora"]
[Date "2018.09.05"]
[Round "6.3"]
[White "Kwiatkowski, Wiktor"]
[Black "Zochowski, Kacper"]
[Result "0-1"]
[WhiteElo "1965"]
[BlackElo "2269"]
[PlyCount "60"]
[EventDate "2018.09.01"]
[EventType "team-swiss"]
[EventRounds "9"]
[EventCountry "POL"]
[SourceTitle "CBM 186 Extra"]
[Source "ChessBase"]
[SourceDate "2018.08.24"]
[SourceVersion "1"]
[SourceVersionDate "2018.08.24"]
[SourceQuality "1"]
[WhiteTeam "Konin UKS Smecz"]
[BlackTeam "Podlesie UKS 21"]
[WhiteTeamCountry "POL"]
[BlackTeamCountry "POL"]

1. d4 Nf6 2. c4 d6 3. Nc3 Nbd7 4. e4 e5 5. Nf3 Be7 6. Bd3 0-0 7. 0-0 c6 8. h3 Re8 9. Be3 a6 10. a3 Bf8 11. Qc2 Qc7 12. Rac1 Qb8 13. b4 b5 14. d5 Bb7 15. dxc6 Bxc6 16. Qa2 Qb7 17. Nd2 Be7 18. Rc2 Bd8 19. a4 bxc4 20. Nxc4 Bc7 21. Na3 Nf8 22. b5 axb5 23. Naxb5 Bb8 24. f3 d5 25. exd5 Nxd5 26. Nxd5 Bxd5 27. Bc4 Bxc4 28. Qxc4 e4 29. fxe4 Rxe4 30. Qc8 Bh2+ 0-1

[Event "POL-chT 2nd League"]
[Site "Szklarska Poreba"]
[Date "2017.09.07"]
[Round "6.13"]
[White "Rak, Tomasz"]
[Black "Kwiatkowski, Wiktor"]
[Result "0-1"]
[WhiteElo "2051"]
[BlackElo "1933"]
[PlyCount "80"]
[EventDate "2017.09.02"]
[EventType "team-swiss"]
[EventRounds "9"]
[EventCountry "POL"]
[SourceTitle "CBM 180 Extra"]
[Source "ChessBase"]
[SourceDate "2017.10.06"]
[SourceVersion "1"]
[SourceVersionDate "2017.10.06"]
[SourceQuality "1"]
[WhiteTeam "Bydgoszcz Wiartrak"]
[BlackTeam "Konin UKS Smecz"]
[WhiteTeamCountry "POL"]
[BlackTeamCountry "POL"]

1. Nf3 c5 2. c4 Nc6 3. d4 cxd4 4. Nxd4 g6 5. Nc2 Bg7 6. g3 Nf6 7. Bg2 0-0 8. Qd2 d6 9. Nc3 Ng4 10. b3 Qa5 11. Bb2 Be6 12. h3 Nge5 13. Ne3 Rfc8 14. 0-0 Rab8 15. Rad1 a6 16. Qc1 b5 17. cxb5 axb5 18. Qa1 Qa7 19. Ncd5 Bxd5 20. Nxd5 e6 21. Nf4 Nb4 22. Rxd6 Nc2 23. Qb1 Nb4 24. Rd2 Nbc6 25. Rfd1 Nc4 26. bxc4 bxc4 27. Qa1 Rxb2 28. Rxb2 Qa3 29. Rdb1 Nb4 30. Be4 Be5 31. Bd3 cxd3 32. Nxd3 Nxd3 33. exd3 Qxd3 34. Re1 Bd4 35. Rb3 Qd2 36. Re2 Rc1+ 37. Kg2 Qd1 38. Rb8+ Kg7 39. Re1 Qxe1 40. Qxd4+ e5 0-1

[Event "POL-chT 2nd League"]
[Site "Jastrzebia Gora"]
[Date "2015.09.12"]
[Round "8.64"]
[White "Szmyd, Arkadiusz"]
[Black "Kwiatkowski, Wiktor"]
[Result "1/2-1/2"]
[WhiteElo "2137"]
[BlackElo "1941"]
[PlyCount "101"]
[EventDate "2015.09.05"]
[EventType "team-swiss"]
[EventRounds "9"]
[EventCountry "POL"]
[SourceTitle "EXT 2017"]
[Source "ChessBase"]
[SourceDate "2016.10.25"]
[SourceVersion "1"]
[SourceVersionDate "2016.10.25"]
[SourceQuality "1"]
[WhiteTeam "Czerwionka Leszczyny Skoczek"]
[BlackTeam "Konin UKS Smecz"]
[WhiteTeamCountry "POL"]
[BlackTeamCountry "POL"]

1. e4 c5 2. Nf3 Nc6 3. d4 cxd4 4. Nxd4 Qb6 5. Nb3 Nf6 6. Nc3 e6 7. Bd3 a6 8. 0-0 Be7 9. Be3 Qc7 10. f4 d6 11. a4 b6 12. Kh1 0-0 13. g4 Bb7 14. g5 Nd7 15. Rf3 Nb4 16. Rh3 Rfd8 17. Kg1 Nxd3 18. cxd3 d5 19. exd5 exd5 20. Rc1 Qd6 21. Nd4 g6 22. Qd2 Nc5 23. f5 Qe5 24. Re1 Bxg5 25. Bxg5 Qxd4+ 26. Kf1 Qg4 27. Rg3 Qxf5+ 28. Kg1 Re8 29. Rf1 Qe6 30. Bf6 Nd7 31. Bd4 f6 32. Qh6 Qf7 33. h4 Qg7 34. Qf4 Re6 35. h5 Rae8 36. Kf2 Ne5 37. hxg6 hxg6 38. Rh1 Nf7 39. Rgh3 g5 40. Qh2 Bc8 41. Rh7 Qg6 42. Rh3 g4 43. Rh8+ Kg7 44. Qh7+ Qxh7 45. R8xh7+ Kg6 46. Nxd5 Rd6 47. Nf4+ Kf5 48. Ne2 Kg6 49. Nf4+ Kf5 50. Ne2 Kg6 51. Nf4+ 1/2-1/2

[Event "POL-chT 2nd League"]
[Site "Jastrzebia Gora"]
[Date "2015.09.10"]
[Round "6.70"]
[White "Malecki, Rafal"]
[Black "Kwiatkowski, Wiktor"]
[Result "1-0"]
[WhiteElo "2090"]
[BlackElo "1941"]
[PlyCount "77"]
[EventDate "2015.09.05"]
[EventType "team-swiss"]
[EventRounds "9"]
[EventCountry "POL"]
[SourceTitle "EXT 2017"]
[Source "ChessBase"]
[SourceDate "2016.10.25"]
[SourceVersion "1"]
[SourceVersionDate "2016.10.25"]
[SourceQuality "1"]
[WhiteTeam "Chroscice LZS Victoria"]
[BlackTeam "Konin UKS Smecz"]
[WhiteTeamCountry "POL"]
[BlackTeamCountry "POL"]

1. Nf3 c5 2. g3 d5 3. Bg2 Nf6 4. 0-0 e6 5. d3 Be7 6. b3 Nc6 7. Bb2 0-0 8. Nbd2 Qc7 9. e4 dxe4 10. dxe4 Rd8 11. Qe2 e5 12. c3 a5 13. a4 b6 14. Nc4 Ba6 15. Rfe1 b5 16. axb5 Bxb5 17. Bf1 a4 18. bxa4 Rxa4 19. Rxa4 Bxa4 20. Ra1 Bb3 21. Nfd2 Bc2 22. Qe3 Ng4 23. Qf3 Nf6 24. Be2 Qb7 25. Qe3 Nd4 26. cxd4 cxd4 27. Qf3 Bb4 28. Bd3 Bxd3 29. Qxd3 Bxd2 30. Qxd2 Nxe4 31. Qa5 Re8 32. Qa6 Qd7 33. Qa8 Ng5 34. Nxe5 Qb5 35. Bxd4 f6 36. Qa2+ Ne6 37. Nf3 Qd3 38. Re1 Qxf3 39. Rxe6 1-0

[Event "Polanica Zdroj op-B 49th"]
[Site "Polanica Zdroj"]
[Date "2013.08.??"]
[Round "6"]
[White "Kaim, Piotr"]
[Black "Kwiatkowski, Wiktor"]
[Result "0-1"]
[WhiteElo "2270"]
[BlackElo "1945"]
[PlyCount "64"]
[EventDate "2013.08.17"]
[EventType "swiss"]
[EventRounds "9"]
[EventCountry "POL"]
[SourceTitle "CBM 156 Extra"]
[Source "ChessBase"]
[SourceDate "2013.10.22"]
[SourceVersion "1"]
[SourceVersionDate "2013.10.22"]
[SourceQuality "1"]

1. e4 c5 2. Nf3 d6 3. Bb5+ Bd7 4. Bxd7+ Qxd7 5. c4 Nc6 6. d4 cxd4 7. Nxd4 Nf6 8. Nc3 g6 9. 0-0 Bg7 10. Nde2 0-0 11. f3 Rfc8 12. Be3 Qd8 13. Qd2 Qa5 14. Rac1 Rab8 15. b3 a6 16. Nf4 Nd7 17. Rfd1 b5 18. Ncd5 b4 19. Nxe7+ Nxe7 20. Qxd6 Ne5 21. Qxe7 Qxa2 22. Nd5 Qxb3 23. Bf2 Nd3 24. Rb1 Qxc4 25. Bg3 b3 26. h4 Re8 27. Nf6+ Bxf6 28. Qxf6 Rbc8 29. h5 Qc5+ 30. Kf1 Qxh5 31. Ke2 Rxe4+ 32. Kd2 Rc2+ 0-1